[Event "8th Gibtelecom Masters"]
[Site "Caleta ENG"]
[Date "2010.01.28"]
[Round "3"]
[White "Kvisla,J"]
[Black "Mancini,G"]
[Result "1-0"]
[WhiteElo "2161"]
[BlackElo "1946"]

1.d4 d5 2.Nf3 Nf6 3.c4 c6 4.Qc2 e6 5.g3 Nbd7 6.Nbd2 b6 7.Bg2 Bb7 8.O-O Bd6
9.e4 dxe4 10.Nxe4 Nxe4 11.Qxe4 Nf6 12.Qh4 Qc7 13.Bg5 Be7 14.Bf4 Qd8 15.Ne5 Rc8
16.Bg5 O-O 17.Rfd1 Nd5 18.Bxe7 Nxe7 19.Rac1 Qc7 20.Qe4 Ba8 21.c5 b5 22.Re1 Ng6
23.Nd3 a5 24.h4 Rfd8 25.h5 Ne7 26.Bh3 Nf5 27.Bxf5 exf5 28.Qe3 Qd7 29.Qg5 h6
30.Qe7 Rc7 31.Qe5 Bb7 32.Rcd1 Kf8 33.Qf4 f6 34.Qf3 Bc8 35.Nf4 Qf7 36.Re3 Re8
37.Rde1 Rxe3 38.Qxe3 Qd7 39.Qb3 g5  1-0

[Event "8th Gibtelecom Masters"]
[Site "Caleta ENG"]
[Date "2010.01.29"]
[Round "4"]
[White "Fox,P"]
[Black "Sedina,E"]
[Result "0-1"]
[WhiteElo "1788"]
[BlackElo "2335"]

1.d4 Nf6 2.c4 c6 3.Nf3 d5 4.Qc2 dxc4 5.e4 b5 6.b3 cxb3 7.axb3 e6 8.Bd2 Bb7
9.Ba5 Qc8 10.Bd3 Be7 11.O-O h6 12.b4 Nbd7 13.Nc3 Nb6 14.Bxb6 axb6 15.e5 Nd7
16.Rab1 O-O 17.Qb3 Qd8 18.Be4 Nb8 19.Rfd1 Na6 20.Nxb5 Rb8 21.Nc3 Nxb4 22.Rb2 Ba6
23.Qa4 b5 24.Qb3 Qc8 25.Rc1 Qd8 26.Rd1 Nd5 27.Nxd5 cxd5 28.Bb1 b4 29.Qc2 g6
30.Qd2 Kg7 31.Ba2 Rc8 32.Ne1 Rc3 33.Rc2 Qc7 34.Rdc1 Rc8 35.Bb3 Qa5 36.g3 Qa3
37.Rb1 Rxb3 38.Ra2 Rxb1 39.Rxa3 bxa3 40.Kg2 Bb4  0-1

[Event "8th Gibtelecom Masters"]
[Site "Caleta ENG"]
[Date "2010.01.29"]
[Round "4"]
[White "Cori T.,D"]
[Black "Haarr,J"]
[Result "1/2-1/2"]
[WhiteElo "2412"]
[BlackElo "2157"]

1.d4 Nf6 2.Nf3 d5 3.c4 c6 4.g3 e6 5.Qc2 dxc4 6.Qxc4 b5 7.Qc2 Bb7 8.Bg2 Nbd7
9.O-O c5 10.Rd1 Rc8 11.a4 b4 12.Bg5 cxd4 13.Qd3 e5 14.Nxe5 Bxg2 15.Bxf6 Nxe5
16.Bxe5 Ba8 17.Nd2 f6 18.Bxd4 Be7 19.Qb5+ Bc6 20.Qh5+ g6 21.Qg4 O-O 22.Qe6+ Kg7
23.Ne4 Qe8 24.Rac1 a5 25.b3 Bb7 26.Rxc8 Bxc8 27.Qd5 Qf7 28.Qxf7+ Kxf7 29.Bb6 Be6
30.Rd3 Ra8 31.f3 Ra6 32.Bd8 f5 33.Ng5+ Bxg5 34.Bxg5 Rc6 35.Bd8 Rc3 36.Rd4 Rc5
37.Bb6 Rd5 38.Rh4 h5 39.Kf2 Re5 40.Rd4 Bxb3 41.Rd7+ Re7 42.Rd4 Re5 43.Rd7+ Re7  1/2-1/2

[Event "2nd Chennai Open"]
[Site "Chennai IND"]
[Date "2010.01.29"]
[Round "6"]
[White "Lalith,B"]
[Black "Zubarev,Al1"]
[Result "1-0"]
[WhiteElo "2457"]
[BlackElo "2544"]

1.Nf3 d5 2.d4 c6 3.c4 dxc4 4.a4 Bg4 5.Ne5 Bh5 6.Nc3 Nd7 7.Nxc4 Ngf6 8.f3 Nb6
9.e4 e6 10.Nxb6 axb6 11.Be3 Nd7 12.Be2 Bd6 13.O-O e5 14.d5 Qe7 15.Qd2 O-O
16.Rfd1 Bc5 17.Bxc5 Nxc5 18.Qc2 Rfc8 19.b4 Nd7 20.Qb3 Kf8 21.Rac1 f6 22.f4 Bf7
23.f5 cxd5 24.Nxd5 Rxc1 25.Rxc1 Rd8 26.Bc4 Bxd5 27.Bxd5 Nb8 28.b5 g6 29.fxg6 hxg6
30.Qe3 Nd7 31.Qh6+ Qg7 32.Qxg7+ Kxg7 33.Rc7 Kh6 34.Rxb7 Kg5 35.Rc7 f5 36.Rc6 Nc5
37.h4+ Kf4 38.Rxg6 fxe4 39.Rf6+ Kg3 40.Rg6+ Kf4 41.Bc4 Rd1+ 42.Kh2 Nd3 43.Rf6+ Kg4
44.Bd5 Nc5 45.Bc4 Nd3 46.Rg6+ Kf4 47.Be6 Nf2 48.Rf6+ Ke3 49.h5 Rf1 50.Rf7 Ra1
51.a5 bxa5 52.b6 a4 53.b7 Rb1 54.h6  1-0

[Event "15th HIT Open A"]
[Site "Nova Gorica SLO"]
[Date "2010.01.31"]
[Round "1"]
[White "Srebrnic,V"]
[Black "Lenic,L"]
[Result "0-1"]
[WhiteElo "2216"]
[BlackElo "2595"]

1.Nf3 d5 2.d4 c6 3.c4 dxc4 4.e3 Be6 5.a4 Nf6 6.Na3 Bd5 7.Nxc4 e6 8.Bd2 Be7
9.Be2 O-O 10.O-O Ne4 11.Ba5 b6 12.Bc3 c5 13.Ncd2 Nxc3 14.bxc3 Nd7 15.a5 cxd4
16.exd4 Qc7 17.c4 Bb7 18.Qa4 Rfd8 19.Rfd1 Nf6 20.axb6 axb6 21.Qb3 Rxa1 22.Rxa1 Ne4
23.Nf1 e5 24.d5 Bc5 25.Ne3 Nxf2 26.Kxf2 e4 27.g3 exf3 28.Bxf3 Re8 29.Re1 Qe5
30.Qd3 g6 31.Bd1 h5 32.Ba4 Re7 33.Kf3 Bc8 34.Bc6 Bh3 35.Kf2 Qf6+ 36.Kg1 Rxe3  0-1

[Event "ch-ROU m"]
[Site "Baile Olanesti ROU"]
[Date "2010.02.01"]
[Round "2"]
[White "Anton,T"]
[Black "Anuta,L"]
[Result "1-0"]
[WhiteElo "2347"]
[BlackElo "2048"]

1.d4 d5 2.c4 c6 3.Nf3 Nf6 4.Qc2 g6 5.Bf4 Bg7 6.e3 Bf5 7.Qb3 Qb6 8.Nc3 Qxb3
9.axb3 Nbd7 10.h3 h5 11.c5 Ne4 12.b4 g5 13.Nxg5 Nxg5 14.Bxg5 e5 15.Ne2 Bd3
16.O-O-O Bg6 17.Bh4 O-O 18.f4 exf4 19.Nxf4 Bh6 20.Bd3 Bxf4 21.exf4 Bxd3 22.Rxd3 f6
23.Re1 Kf7 24.Rde3 Rfe8 25.Rxe8 Rxe8 26.Rxe8 Kxe8 27.f5 Kf7 28.Bg3 b5 29.Bd6 Kg7
30.Kd2 Kh6 31.Bf4+ Kg7 32.Ke3 Nf8 33.Kf3 Nh7 34.Kg3 Ng5 35.Bxg5 fxg5 36.h4 Kf6
37.hxg5+ Kxg5 38.f6 Kxf6 39.Kf4 a6 40.b3 h4 41.Kg4 Kg6 42.Kxh4 Kf5 43.g4+ Ke4
44.g5 Kxd4 45.g6 Kc3 46.g7 Kxb3 47.g8=Q Kxb4 48.Qf8 a5 49.Qd6 a4 50.Qxc6 a3
51.Qxd5  1-0

[Event "Georgi Tringov Mem"]
[Site "Plovdiv BUL"]
[Date "2010.02.03"]
[Round "6"]
[White "Petkov,V"]
[Black "Vasilev,M"]
[Result "1/2-1/2"]
[WhiteElo "2490"]
[BlackElo "2466"]

1.d4 d5 2.c4 c6 3.Nf3 dxc4 4.Qc2 b5 5.g3 Na6 6.Bg2 Bb7 7.O-O Nf6 8.Bg5 Nb4
9.Qd2 e6 10.Bxf6 Qxf6 11.Nc3 Nd5 12.a4 a6 13.Nxd5 exd5 14.e4 dxe4 15.Ne5 Be7
16.Qe3 c5 17.axb5 cxd4 18.Qxd4 Rd8 19.Qa7 Qxe5 20.Qxb7 axb5 21.Ra7 f5 22.Re1 Qc5
23.Bf1 Rf8 24.b4 Qe5 25.Ra5 Qd5 26.Rxb5 Qxb7 27.Rxb7 Rc8 28.Rc1 c3 29.Bb5+ Kf7
30.Bd7 Rc4 31.Bb5 Rcc8 32.Bd7 Rb8 33.Ra7 Bxb4 34.Bxf5+ Kf6 35.Bxe4 h6 36.Kg2 Ke5
37.Bf3 Bc5 38.Re1+ Kd4 39.Rd1+ Kc4 40.Bd5+ Kb5 41.Rb1+ Bb4 42.Rxg7 Kc5 43.Bf3 Rbc8
44.Rc1 Kc4 45.Bg4 Rc6 46.Bd7  1/2-1/2

[Event "8th Gibtelecom Masters"]
[Site "Caleta ENG"]
[Date "2010.02.04"]
[Round "10"]
[White "Cori T.,D"]
[Black "Getz,N"]
[Result "1-0"]
[WhiteElo "2412"]
[BlackElo "2280"]

1.d4 d5 2.Nf3 Nf6 3.c4 c6 4.Qc2 g6 5.Bf4 dxc4 6.Qxc4 Nd5 7.Be5 f6 8.Bg3 Be6
9.e4 Qa5+ 10.Nbd2 b5 11.Qb3 Nb4 12.Qxe6 Nc2+ 13.Kd1 Nxa1 14.Bd3 Qa4+ 15.Ke2 Nc2
16.Bxb8 Nb4 17.a3 Rxb8 18.axb4 Qxb4 19.e5 Bh6 20.Nb3 Rf8 21.Rd1 fxe5 22.dxe5 Rf7
23.Nfd4 Kf8 24.g3  1-0

[Event "Georgi Tringov Mem"]
[Site "Plovdiv BUL"]
[Date "2010.02.04"]
[Round "7"]
[White "Arnaudov,G"]
[Black "Blagojevic,Dr"]
[Result "1/2-1/2"]
[WhiteElo "2413"]
[BlackElo "2528"]

1.d4 d5 2.c4 c6 3.Nf3 Nf6 4.Qc2 dxc4 5.e4 b5 6.b3 cxb3 7.axb3 e6 8.Bd2 a5
9.Bd3 Bb7 10.O-O Nbd7 11.e5 Nd5 12.Bxh7 c5 13.Ng5 Nb4 14.Qd1 Be7 15.Nxe6 fxe6
16.Bg6+ Kf8 17.Bxb4 Nxe5 18.dxe5 Qxd1 19.Rxd1 axb4 20.Rxa8+ Bxa8 21.Rd7 Rh4
22.g3 Rg4 23.Bc2 Be4  1/2-1/2

[Event "TCh-ISR"]
[Site "Israel ISR"]
[Date "2010.02.05"]
[Round "3"]
[White "Bykhovsky,Av"]
[Black "Haimovich,T"]
[Result "1/2-1/2"]
[WhiteElo "2399"]
[BlackElo "2421"]

1.d4 d5 2.c4 c6 3.Nf3 Nf6 4.Qc2 g6 5.Bf4 Bg7 6.e3 O-O 7.Nc3 Na6 8.a3 c5 9.Be5 Bf5
10.Qb3 cxd4 11.exd4 dxc4 12.Bxc4 Qb6 13.Qxb6 axb6 14.O-O Rac8 15.Bb3 Rfd8
16.h3 e6 17.Rfd1 Ne4 18.Nb5 g5 19.g4 Bg6 20.Rac1  1/2-1/2

[Event "TCh-ISR"]
[Site "Israel ISR"]
[Date "2010.02.05"]
[Round "3"]
[White "Porat,Ma"]
[Black "Vasiliev,Olg"]
[Result "0-1"]
[WhiteElo "2169"]
[BlackElo "2293"]

1.d4 d5 2.c4 dxc4 3.Nf3 c6 4.e3 Be6 5.a4 Nf6 6.Ne5 c5 7.Na3 cxd4 8.exd4 Nc6
9.Nxc6 bxc6 10.Be2 Qa5+ 11.Bd2 Qb6 12.Bc3 Qb3 13.O-O Bd5 14.Qc1 e6 15.Ba5 Qxa4
16.Nxc4 Qb3 17.Ne5 Bd6 18.Ba6 c5 19.Nc4 Bxc4 20.Bxc4 Qb8 21.dxc5 Bxh2+ 22.Kh1 Be5
23.Rb1 O-O 24.Be2 Qb3 25.Bc4 Qb7 26.Be2 Qe4 27.Qc4 Qg6 28.f4 Ng4 29.Bxg4 Qxg4
30.b3 Bf6 31.Bc3 Bh4 32.Be1 Rfc8 33.b4 a5 34.Bxh4 Qxh4+ 35.Kg1 axb4 36.Rxb4 Qe7
37.Rc1 Ra5 38.Rb5 Rxb5 39.Qxb5 h6 40.c6 Qa7+ 41.Kh1 Qc7 42.Qc4 Rd8 43.Qe4 Rd5
44.Qe3 Rf5 45.g3 h5 46.Rc4 Rd5 47.Rc1 Rd8 48.Qf3 g6 49.Qe4 Qd6 50.c7 Rc8
51.Qc4 Kf8 52.Kh2 Ke7 53.Rc2 f6 54.Qe4 Kf7 55.Qb7 Qd7 56.Qb6 Qd3 57.Qb2 h4
58.gxh4 Qd6 59.Qc1 g5 60.hxg5 fxg5 61.Kg2 gxf4 62.Kf3 e5 63.Rc6 Qd3+ 64.Kf2 Qg3+
65.Kf1 Qf3+ 66.Ke1 Qh1+ 67.Ke2 Qg2+ 68.Ke1 Qg1+ 69.Ke2 Qxc1 70.Rxc1 Ke6 71.Kf3 Kd7
72.Ke4 Rxc7 73.Rh1 Rc5 74.Rh6 Rc6 75.Rh7+ Kd6 76.Rh6+ Kc5 77.Rh3 Re6 78.Rd3 Kc4
79.Rd8 Kc3 80.Rd3+ Kc2 81.Rd8 Re7 82.Ra8 Kd2 83.Ra2+ Ke1 84.Rb2 Rd7 85.Rb1+ Ke2
86.Rb2+ Rd2 87.Rb3 Ra2 88.Rh3 f3 89.Kxe5 f2 90.Kd4 Ra4+  0-1

[Event "FSIMA February"]
[Site "Budapest HUN"]
[Date "2010.02.10"]
[Round "5"]
[White "Szabo,Ben"]
[Black "Kahn,E"]
[Result "1/2-1/2"]
[WhiteElo "2261"]
[BlackElo "2235"]

1.d4 d5 2.c4 c6 3.Nf3 Nf6 4.Nbd2 Bf5 5.Nh4 Bg6 6.Qb3 Qb6 7.Qh3 Nbd7 8.Nxg6 fxg6
9.e3 Qc7 10.Bd3 g5 11.cxd5 g4 12.Bg6+ Kd8 13.Qh4 cxd5 14.Bf5 h5 15.Nb3 Qd6
16.f4 e6 17.Bd3 Be7 18.Qf2 Ne4 19.Bxe4 dxe4 20.Bd2 Rc8 21.O-O Kc7 22.Rac1+ Kb8
23.Bc3 Qd5 24.Rfd1 h4 25.Qe2 Nf6 26.Rc2 Bd6 27.Rdc1 g5 28.fxg5 Qxg5 29.Nc5 g3
30.h3 Nd5 31.Nxe4 Qe7 32.Nxd6 Qxd6 33.e4 Nxc3 34.bxc3 Rhf8 35.Qe3 Qf4 36.Qe2 Qd6
37.Qe3 Qf4 38.Qe2  1/2-1/2

[Event "TCh-FIN 2009-10"]
[Site "Finland FIN"]
[Date "2010.02.13"]
[Round "6"]
[White "Ivanov,MM"]
[Black "Kekki,P"]
[Result "1-0"]
[WhiteElo "2459"]
[BlackElo "2375"]

1.d4 d5 2.Nf3 c6 3.c4 dxc4 4.Nc3 Bg4 5.Ne5 Be6 6.e4 Nf6 7.a4 Qa5 8.Bd2 Qb6
9.d5 cxd5 10.exd5 Nxd5 11.Bxc4 Nxc3 12.Bxc3 Bxc4 13.Nxc4 Qe6+ 14.Ne3 Qa6
15.b4 Nd7 16.b5 Qd6 17.Qc2 e6 18.O-O Nf6 19.Bxf6 gxf6 20.Rfd1 Qb6 21.Qb2 Be7
22.Ng4 e5 23.Ne3 Rc8 24.Nf5 Rg8 25.Qe2 Rg5 26.Qe4 Bc5 27.h4 Rg6 28.Ra2 h5
29.Rad2 Qe6 30.Nd6+ Bxd6 31.Rxd6 Qg4 32.Qxb7 Kf8 33.Rd7 Qc4 34.Rxf7+ Kg8
35.Rfd7 Rf8 36.Qd5+ Qxd5 37.R1xd5 Rg4 38.Rxa7 Rxh4 39.Rdd7 Rc8 40.g3 Rb4
41.Rdb7 Rc1+ 42.Kg2 Rb3 43.b6 Rb4 44.a5 Rb2 45.Rc7 Rd1 46.b7  1-0

[Event "US Amateur Team-ch East"]
[Site "Parsippany USA"]
[Date "2010.02.14"]
[Round "4"]
[White "Ryba,Andrew"]
[Black "Hulse,B"]
[Result "1/2-1/2"]
[WhiteElo "2063"]
[BlackElo "2223"]

1.d4 d5 2.Nf3 Nf6 3.c4 c6 4.Qc2 e6 5.g3 Nbd7 6.Bg2 Bb4+ 7.Bd2 Qe7 8.O-O O-O
9.Bxb4 Qxb4 10.Nbd2 Qe7 11.e4 dxe4 12.Nxe4 c5 13.Rad1 Rb8 14.Rfe1 b6 15.Nxf6+ Qxf6
16.Ne5 Nxe5 17.dxe5 Qe7 18.Qa4 a6 19.Qc6 Rd8 20.Rd6 Bb7 21.Qxb6 Bxg2 22.Rxd8+ Qxd8
23.Qxd8+ Rxd8 24.Kxg2 Rd2  1/2-1/2

[Event "Uxbridge Int Petrosian"]
[Site "Uxbridge ENG"]
[Date "2010.02.14"]
[Round "3"]
[White "Armstrong,M"]
[Black "Jain,R"]
[Result "1-0"]
[WhiteElo "2019"]
[BlackElo "1879"]

1.d4 d5 2.Nf3 Nf6 3.c4 c6 4.Qc2 Bg4 5.Nbd2 e6 6.e3 Nbd7 7.Be2 Bd6 8.O-O O-O
9.b3 Bf5 10.Bd3 Bxd3 11.Qxd3 e5 12.dxe5 Nxe5 13.Qe2 Nxf3+ 14.Nxf3 dxc4 15.Qxc4 Nd5
16.Bb2 Re8 17.Rad1 Qe7 18.Qg4 Nf6 19.Qh4 Rad8 20.Bxf6 Qxf6 21.Qxf6 gxf6 22.Rd4 Be5
23.Rg4+ Kf8 24.Rc1 Rd5 25.Kf1 Red8 26.Ke2 c5 27.e4 R5d7 28.Rxc5 Re7 29.Nxe5 Rxe5
30.Rxe5 fxe5 31.Rh4 Kg7 32.Rh3 Rd4 33.Re3 Kg6 34.f3 Rd6 35.Rc3 b5 36.a4 bxa4
37.bxa4 Rd4 38.a5 Ra4 39.Rc6+ Kg5 40.Ra6 Ra2+ 41.Ke3 Rxg2 42.Rxa7 Kg6 43.h3 Rh2
44.Rb7 Rxh3 45.Rb1 Rh2 46.Ra1 Rb2 47.a6 Rb8 48.a7 Ra8 49.Kf2 Kg5 50.Kg3 h5
51.Ra5 h4+ 52.Kh3 Kf4 53.Ra3 Kg5 54.Ra6 f6 55.Ra2 f5 56.exf5 Kxf5 57.Ra4 Kg5
58.Kg2 Kf5 59.Kf2 Kg5 60.Ke3 Kf5 61.Ra5 h3 62.Kf2 h2 63.Kg2 Kf4 64.Ra4+ Ke3
65.Re4+ Kd3 66.Kxh2 Rxa7 67.Rxe5 Rg7 68.Re4 Rg6 69.Kh3 Rg7 70.Rg4 Rf7 71.Kg3 Ke3
72.Re4+ Kd3 73.Kf2 Rf5 74.Ra4 Re5 75.Kg3 Ke3 76.f4 Re8 77.f5 Rg8+ 78.Kh4 Rg1
79.Kh5 Rh1+ 80.Kg6 Rg1+ 81.Kf7 Kd3 82.f6 Rf1 83.Ke7 Re1+ 84.Kf8 Rf1 85.f7  1-0

[Event "TCh-Eur Seniors"]
[Site "Dresden GER"]
[Date "2010.02.15"]
[Round "6"]
[White "Van Kemenade,R"]
[Black "Denda,R"]
[Result "1/2-1/2"]
[WhiteElo "1980"]
[BlackElo "2043"]

1.d4 d5 2.c4 c6 3.Nf3 Nf6 4.Nbd2 Nbd7 5.g3 g6 6.Bg2 Bg7 7.O-O O-O 8.b3 e6
9.Bb2 b6 10.Qc2 Bb7 11.e4 dxe4 12.Nxe4 Nxe4 13.Qxe4 Qc7 14.Rad1 c5 15.Qe2 cxd4
16.Nxd4 Bxg2 17.Kxg2 Qb7+ 18.Kg1 Nc5 19.Nb5 Qe4 20.Qxe4 Nxe4 21.Bxg7 Kxg7
22.Rd7 a6 23.Nc7 Nc5 24.Nxa8 Nxd7 25.Rd1 Rxa8 26.Rxd7 Rb8 27.Kg2 Kf8 28.Kf3 Ke8
29.Ra7 a5 30.h4  1/2-1/2

[Event "TCh-Eur Seniors"]
[Site "Dresden GER"]
[Date "2010.02.17"]
[Round "8"]
[White "Maes,V"]
[Black "Poyato Sala,J"]
[Result "0-1"]
[WhiteElo "2163"]
[BlackElo "2216"]

1.d4 Nf6 2.Nf3 d5 3.c4 c6 4.Qb3 dxc4 5.Qxc4 Bg4 6.Nbd2 e6 7.g3 Nbd7 8.Bg2 Be7
9.O-O O-O 10.Ne5 Bh5 11.Ndf3 Rc8 12.Bg5 h6 13.Nxd7 Nxd7 14.Bxe7 Qxe7 15.Qb3 Rc7
16.Rfd1 Rd8 17.Rac1 Nf6 18.h3 Bxf3 19.Bxf3 Rcd7 20.e3 Nd5 21.a3 Qf6 22.Bg2 Ne7
23.Rc5 b6 24.Rcc1 e5 25.dxe5 Qxe5 26.Rxd7 Rxd7 27.Rd1 Qe6 28.Qc2 c5 29.Rxd7 Qxd7
30.Qe4 g6 31.Qe5 Nf5 32.Bd5 Ne7 33.Bg2 Kh7 34.Qf6 Qe6 35.Qc3 Nd5 36.Qd3 Nf6
37.Qa6 Qd7 38.Qc4 Kg7 39.Qc3 Qd6 40.Kh2 h5 41.Kg1 Kg8 42.b4 Nd7 43.bxc5 bxc5
44.Qa5 Qb6 45.Qa4 Qc7 46.Be4 Nb6 47.Qe8+ Kg7 48.a4 a5 49.Qb5 Nc8 50.Qb2+ Kg8
51.Qf6 Qd6 52.Qg5 Nb6 53.Bc2 Kg7 54.g4 hxg4 55.hxg4 Nc4 56.e4 Qd4 57.Qd5 Qxd5
58.exd5 Kf6 59.f4 g5 60.fxg5+ Kxg5 61.Bf5 Kf4 62.Kf2 Ke5 63.Bd7 Kxd5 64.Be8 Nd6
65.Bd7 f6 66.Ke3 Ke5 67.Kd3 c4+ 68.Kc3 Kd5 69.Kc2 Ne4 70.Be8 Ke5 71.Bg6 Nf2
72.Bf5 Kf4 73.Bd7 Nxg4  0-1

[Event "Open"]
[Site "Novy Bor CZE"]
[Date "2010.02.18"]
[Round "7"]
[White "Drabek,M"]
[Black "Horyna,J"]
[Result "1-0"]
[WhiteElo "2067"]
[BlackElo "1928"]

1.d4 d5 2.Nf3 Nf6 3.c4 c6 4.Nbd2 e6 5.g3 Be7 6.Bg2 O-O 7.O-O Nbd7 8.Qc2 Re8
9.e4 Nxe4 10.Nxe4 dxe4 11.Qxe4 Nf6 12.Qc2 g6 13.b3 Bf8 14.Bb2 Bg7 15.Rad1 Qc7
16.Rfe1 a5 17.Ne5 Nd7 18.Qd2 a4 19.b4 Nxe5 20.dxe5 Bf8 21.c5 Re7 22.Qd8 Rd7
23.Rxd7 Qxd7 24.Rd1 Qxd8 25.Rxd8 Kg7 26.a3 g5 27.Bf3 Rb8 28.h3 Be7 29.Re8 g4
30.Bxg4 Bg5 31.f4 Bh6 32.Bh5 b6 33.cxb6 Ra8 34.Be2 f6 35.exf6+ Kf7 36.Bh5+  1-0

[Event "Brazil Open"]
[Site "Rio de Janeiro BRA"]
[Date "2010.02.21"]
[Round "5"]
[White "Maia,Marc"]
[Black "Resende,C"]
[Result "1-0"]
[WhiteElo "2136"]
[BlackElo "2003"]

1.d4 d5 2.c4 c6 3.Nf3 Nf6 4.Qc2 g6 5.Bf4 Bg7 6.e3 Bf5 7.Qb3 Qb6 8.Nc3 Nbd7
9.c5 Qxb3 10.axb3 Nh5 11.Bc7 O-O 12.h3 Nhf6 13.Be2 Rfe8 14.O-O Be4 15.Ne5 Nxe5
16.Bxe5 Bc2 17.Ra3 Nd7 18.Bxg7 Kxg7 19.Rc1 Bf5 20.g4 Be6 21.Rca1 a6 22.b4 Rab8
23.f4 f6 24.Bf3 Bf7 25.e4 dxe4 26.Bxe4 e5 27.fxe5 fxe5 28.d5 cxd5 29.Nxd5 Bxd5
30.Bxd5 Nf6 31.Bg2 e4 32.Re1 Rbd8 33.g5 Nd5 34.Rxe4 Rf8 35.Rd3  1-0

[Event "ch-IND National Teams"]
[Site "Gurgaon IND"]
[Date "2010.02.23"]
[Round "4"]
[White "Bakre,T"]
[Black "Ganesh,Bh"]
[Result "1-0"]
[WhiteElo "2465"]
[BlackElo "2152"]

1.Nf3 d5 2.d4 Nf6 3.c4 c6 4.Qc2 e6 5.cxd5 cxd5 6.Nc3 Nc6 7.Bf4 Be7 8.e3 Nh5
9.Bg3 Bd7 10.a3 a6 11.Bd3 h6 12.Be5 Nf6 13.h3 Rc8 14.Rc1 Na5 15.O-O O-O 16.Qe2 b5
17.e4 Re8 18.Nd2 dxe4 19.Ncxe4 Nd5 20.Nc5 Ra8 21.Qe4 f5 22.Qf3 Nc6 23.Nxe6 Bxe6
24.Rxc6 Bg5 25.Rd6 Qc8 26.Rxd5 Bxd2 27.Rc5 Qd8 28.Rc7  1-0

[Event "18th Fajr Open"]
[Site "Mashhad IRI"]
[Date "2010.02.24"]
[Round "7"]
[White "Abbasov,F"]
[Black "Mahdavirad,M"]
[Result "1-0"]
[WhiteElo "2553"]
[BlackElo "2204"]

1.Nf3 Nf6 2.c4 c6 3.d4 d5 4.Qb3 dxc4 5.Qxc4 Bf5 6.g3 Nbd7 7.Bg2 e6 8.O-O Be7
9.Nc3 O-O 10.Re1 Ne4 11.Qb3 Qb6 12.Nh4 Bxh4 13.gxh4 Nd6 14.e4 Bg6 15.Bf4 Qxb3
16.axb3 Nc8 17.d5 e5 18.Be3 Ndb6 19.Bc5 Re8 20.b4 cxd5 21.exd5 a6 22.d6 Rb8
23.Bh3 Rd8 24.Rxe5 Nc4 25.Rd5 N8xd6 26.Rad1  1-0

[Event "18th Fajr Open"]
[Site "Mashhad IRI"]
[Date "2010.02.24"]
[Round "8"]
[White "Koohestani,S"]
[Black "Neelotpal,D"]
[Result "1/2-1/2"]
[WhiteElo "2196"]
[BlackElo "2445"]

1.d4 d5 2.Nf3 Nf6 3.c4 c6 4.g3 g6 5.Nbd2 Bg7 6.Bg2 O-O 7.b3 a5 8.Bb2 a4 9.O-O Bf5
10.Ne5 Nbd7 11.h3 Qb6 12.g4 Be6 13.Nd3 axb3 14.axb3 Rxa1 15.Bxa1 Rd8 16.Qc2 Nf8
17.Bc3 h5 18.Ra1 Qc7 19.c5 Qb8 20.f3 hxg4 21.hxg4 Ne8 22.Kf2 Nc7 23.e3 Nb5
24.Bb2 Bc8 25.Rh1 Re8 26.Bh3 Nd7 27.f4 b6  1/2-1/2

[Event "18th Fajr Open"]
[Site "Mashhad IRI"]
[Date "2010.02.24"]
[Round "8"]
[White "Ghaem Maghami,E"]
[Black "Mahjoob,M"]
[Result "1/2-1/2"]
[WhiteElo "2589"]
[BlackElo "2512"]

1.d4 d5 2.c4 c6 3.Nf3 Nf6 4.Qc2 dxc4 5.Qxc4 Bf5 6.Nc3 e6 7.g3 Nbd7 8.Bg2 Be7
9.O-O O-O 10.Bg5 h6 11.Bxf6 Bxf6 12.e3 a5 13.Rfd1 Qb6 14.Qe2 Qa6 15.Qxa6 Rxa6
16.Rac1 a4 17.a3 Rb8 18.Nd2 Be7 19.Nde4 Kf8 20.f4 Bxe4 21.Nxe4 Nf6 22.Nd2 Ra5
23.Bf3 c5 24.dxc5 Rxc5 25.Rxc5 Bxc5 26.Kf2 b5 27.Rc1 Be7 28.Ke2 g6 29.Rc7 Ne8  1/2-1/2

[Event "ch-IND National Teams"]
[Site "Gurgaon IND"]
[Date "2010.02.25"]
[Round "6"]
[White "Santu,M"]
[Black "Roop,S"]
[Result "1-0"]
[WhiteElo "2195"]
[BlackElo "2011"]

1.d4 d5 2.Nf3 Nf6 3.c4 c6 4.g3 e6 5.Qc2 b6 6.Bg2 Bb4+ 7.Nbd2 a5 8.O-O Ba6
9.Rd1 O-O 10.b3 Nbd7 11.e4 Rc8 12.Bb2 Bb7 13.a3 Be7 14.Ne5 Qc7 15.Rac1 Qb8
16.Qb1 Rfd8 17.Re1 Nxe5 18.dxe5 Ng4 19.cxd5 cxd5 20.Rxc8 Qxc8 21.h3 Nh6 22.Rc1 Qb8
23.Qc2 Bg5 24.exd5 Bxd5 25.Bxd5 Rxd5 26.Qc8+ Qxc8 27.Rxc8+ Rd8 28.Rxd8+ Bxd8
29.Kf1 Nf5 30.Ke2 Kf8 31.Kd3 Ke8 32.Kc4 Kd7 33.Kb5 h6 34.Nc4 Ne7 35.Nxb6+ Kc7
36.Nc4 Nc6 37.Nxa5 Na7+ 38.Ka4 Kd7 39.Nc4 Kc6 40.b4 Bc7 41.Kb3 Kd5 42.a4 Nc6
43.b5  1-0

[Event "18th Fajr Open"]
[Site "Mashhad IRI"]
[Date "2010.02.26"]
[Round "10"]
[White "Ghaem Maghami,E"]
[Black "Isaev,J"]
[Result "1-0"]
[WhiteElo "2589"]
[BlackElo "2394"]

1.d4 d5 2.c4 c6 3.Nf3 Nf6 4.Qc2 e6 5.g3 Be7 6.Bg2 O-O 7.O-O Ne4 8.Nc3 f5
9.Be3 Bd7 10.Ne5 Be8 11.Nxe4 fxe4 12.Bh3 Bd7 13.f3 exf3 14.exf3 Bf6 15.f4 Bxe5
16.dxe5 Na6 17.Qb3 b6 18.cxd5 cxd5 19.Qa3 Nc7 20.Rac1 Re8 21.Rf2 Nb5 22.Qb4 Rc8
23.Rfc2 Rxc2 24.Rxc2 Kf7 25.a4 Nc7 26.Qd6 Na6 27.a5 Qe7 28.Qxe7+ Kxe7 29.axb6 axb6
30.Bxb6 Rb8 31.Bd4 Bb5 32.Kf2 Bc4 33.Ke3 h5 34.Rc3 Nb4 35.b3 Na2 36.bxc4 Nxc3
37.Bxc3 dxc4 38.f5 exf5 39.Bxf5 g5 40.Kd4 Ra8 41.Bd2 g4 42.Bg5+ Kf8 43.e6  1-0

[Event "18th Fajr Open"]
[Site "Mashhad IRI"]
[Date "2010.02.26"]
[Round "10"]
[White "Arabi,S"]
[Black "Khademi,M"]
[Result "1/2-1/2"]
[WhiteElo "2110"]
[BlackElo "2210"]

1.d4 Nf6 2.Nf3 d5 3.c4 c6 4.Qb3 g6 5.Nc3 dxc4 6.Qxc4 Bg7 7.g3 O-O 8.Bg2 Be6
9.Qd3 Na6 10.O-O Nb4 11.Qd1 Qb6 12.a3 Nbd5 13.Na4 Qb5 14.Nc5 Bf5 15.Nh4 Bg4
16.f3 Bc8 17.e4 Nc7 18.Rf2 Rd8 19.Be3 Ne6 20.Bf1 Qb6 21.Na4 Qc7 22.Rd2 b5
23.Nc3 a5 24.d5 cxd5 25.exd5 Nf8 26.Nxb5 Qb7 27.d6 exd6 28.Nxd6 Qe7 29.Bb6 Rd7
30.Bc4 Rb8 31.Bf2 Ne6 32.Rc1 Qd8 33.Be3 Ne8 34.Nxc8 Rxd2 35.Qxd2 Qxd2 36.Bxd2 Rxc8
37.b3 Ra8 38.a4 Nd4 39.Re1 Nd6 40.Bd5 Rc8 41.Bf4 Rd8 42.g4 h6 43.Kf2 g5 44.Bxd6 gxh4
45.Re7 Rxd6 46.Bxf7+ Kf8 47.Rb7 Nc2 48.Ke2 Bc3 49.f4 Bb4 50.Bc4 Rd2+ 51.Kf3 Be7
52.Rb8+ Rd8 53.Rb6 Kg7 54.Rb7 Kf8 55.Ke4 Nb4 56.Rb5 Rc8 57.Rf5+ Ke8 58.Bb5+ Kd8
59.g5 hxg5 60.fxg5 Kc7 61.Bc4 Rf8 62.Re5 Nc6 63.Rf5 Rxf5 64.Kxf5 Nd4+ 65.Kg4 Nf3
66.Kxf3 Bxg5 67.Ke4 Kb6 68.b4 Bd2 69.b5 Bb4 70.Kd5 Be1 71.Bd3 Bd2 72.h3 Be1
73.Ke4 Bb4 74.Kf4 Be1 75.Kf3  1/2-1/2

[Event "18th Fajr Open"]
[Site "Mashhad IRI"]
[Date "2010.02.26"]
[Round "10"]
[White "Kowsarinia,A"]
[Black "Neelotpal,D"]
[Result "0-1"]
[WhiteElo "2100"]
[BlackElo "2445"]

1.d4 Nf6 2.c4 c6 3.Nf3 d5 4.Qc2 dxc4 5.Qxc4 Bg4 6.Nc3 Nbd7 7.e4 Bxf3 8.gxf3 e5
9.Be3 Bd6 10.Rd1 O-O 11.dxe5 Bxe5 12.f4 Bxc3+ 13.bxc3 Qe7 14.Bg2 Nb6 15.Qe2 Nxe4
16.Bxb6 axb6 17.O-O f5 18.Rd4 Qf7 19.Bxe4 fxe4 20.Rxe4 Rxa2 21.Qd3 Qg6+ 22.Kh1 Ra4
23.f3 Rxf4 24.Rg1 Rxf3 25.Qd7 Rxe4 26.Rxg6 hxg6 27.c4 Kh7 28.Qxb7 Rg4  0-1

[Event "Reykjavik Open"]
[Site "Reykjavik ISL"]
[Date "2010.02.27"]
[Round "4"]
[White "Kogan,Ar"]
[Black "Johannesson,I"]
[Result "1-0"]
[WhiteElo "2524"]
[BlackElo "2330"]

1.d4 d5 2.c4 c6 3.Nf3 Nf6 4.Qc2 g6 5.Bf4 Bf5 6.Qb3 Qb6 7.e3 Nbd7 8.Nc3 Bg7
9.h3 h6 10.Ne5 O-O 11.g4 Be6 12.Qxb6 axb6 13.Nxd7 Bxd7 14.cxd5 Nxd5 15.Nxd5 cxd5
16.Kd2 b5 17.Bd3 Rfc8 18.a3 Bf8 19.Rhc1 e6 20.Rxc8 Rxc8 21.h4 Kg7 22.g5 h5
23.Be5+ Kg8 24.f3 Ra8 25.Rc1 b4 26.axb4 Bxb4+ 27.Ke2 Bc6 28.e4 Kf8 29.Ke3 Ra2
30.Rb1 Ke7 31.Be2 Kd7 32.Bd1 Bd6 33.Bb3 Ra5 34.Bf4 Rb5 35.Bc2 Rb4 36.Bxd6 Kxd6
37.e5+ Kc7 38.b3 Rb6 39.Kd2 Bb5 40.Rc1 Kb8 41.Ra1 Ra6 42.Rxa6 Bxa6 43.f4 Kc7
44.Kc3 Be2 45.Kb4 b6 46.Kc3 Kc6 47.Kd2 Ba6 48.Bd1 Kd7 49.Bf3 Kc6 50.f5 exf5
51.e6 fxe6 52.Bxh5 Kd6 53.Bxg6 f4 54.h5 Ke7 55.h6 Kf8 56.Bh7  1-0

[Event "Max Euwe Challenge"]
[Site "Amsterdam NED"]
[Date "2010.02.28"]
[Round "9"]
[White "Wemmers,X"]
[Black "Riemersma,L"]
[Result "1-0"]
[WhiteElo "2404"]
[BlackElo "2431"]

1.d4 d5 2.c4 c6 3.Nf3 Nf6 4.Qc2 g6 5.Bf4 dxc4 6.Qxc4 Be6 7.Qc2 Bf5 8.Qb3 Qb6
9.Nbd2 Nbd7 10.e3 Qxb3 11.Nxb3 Nd5 12.Bg3 Nb4 13.Kd2 Nf6 14.a3 Ne4+ 15.Kd1 Nxg3
16.hxg3 Bc2+ 17.Kd2 Bxb3 18.axb4 Bd5 19.Bd3 e5 20.dxe5 Bxb4+ 21.Ke2 h5 22.g4 Ke7
23.gxh5 gxh5 24.Nd4 Bxg2 25.Rh4 Bc5 26.f3 f6 27.exf6+ Kxf6 28.Kf2 Kg5 29.Ne6+ Kxh4
30.Ra4+  1-0

[Event "81st ch-GER"]
[Site "Bad Liebenzell GER"]
[Date "2010.03.09"]
[Round "5"]
[White "Meister,P"]
[Black "Fiebig,T"]
[Result "1/2-1/2"]
[WhiteElo "2407"]
[BlackElo "2428"]

1.d4 d5 2.Nf3 Nf6 3.c4 c6 4.Qb3 e6 5.Bg5 Nbd7 6.Bc1 Nb8 7.Bg5 Nbd7 8.Nc3 Qa5
9.cxd5 cxd5 10.Bd2 a6 11.Rc1 Qb6 12.Qc2 Bd6 13.e3 O-O 14.Bd3 h6 15.O-O Qa7
16.a3 e5 17.dxe5 Nxe5 18.Nxe5 Bxe5 19.Ne2 Bg4 20.Bc3 Rac8 21.Qb3 Bxe2 22.Bxe2 Bxc3
23.Rxc3 Rxc3 24.Qxc3 Qb6 25.Rd1 Rd8 26.h3 Rd6 27.Bf3 Rc6 28.Qe5 Qc7 29.Qxc7 Rxc7
30.b4 Rc3 31.Bxd5 Nxd5 32.Rxd5 b5 33.a4 bxa4 34.Ra5 a3 35.Rxa6 h5 36.h4 g6
37.e4 Rc4 38.f3 Rxb4 39.Rxa3 Rb2 40.Kh2 Re2 41.Kh3 Kg7 42.g4 hxg4+ 43.Kxg4 Re1
44.Ra5 Rg1+ 45.Kf4 Rh1 46.Kg3 Rg1+ 47.Kh2 Rf1 48.Kg2 Rb1 49.h5 gxh5 50.Rxh5 Kf6
51.Kg3 Ke6 52.Kf4 Rb4 53.Rh6+ f6 54.Rh7 Ra4 55.Rb7 Ra5 56.Kg4 Rg5+ 57.Kf4 Ra5
58.Rb6+ Ke7 59.Rb4 Ke6 60.Kg4 Rg5+ 61.Kf4 Ra5 62.Rb6+ Ke7 63.Rb3 Ke6 64.Ke3 f5
65.Kf4  1/2-1/2